01467nam a22002417a 45000010005000000030006000050050017000110080041000280200018000690400029000870500009001160820011001251000022001362450029001582600057001873000047002444900046002915050007003375200773003445210027011175210018011446500063011627357FISKH20250710143012.0250710b cb ||||| |||| 00| 0 eng d a9780194646864 aFISKHbengcFISKHdFISKH aPZ7  a428.64 aKhanduri, Kamini  aJobs /cKamini Khanduri  aUnited Kingdom : bOxford University Press, c2003.  a40 pages : bcolor illustrations ; c21 cm aOxford read and discover : vDiscover! 2  aH  aThis exciting new series of non-fiction readers provides interesting and educational content, with activities and project work. The readers are graded at four levels, from 3 to 6, suitable for students from age 8 and older. They can support Content and Language Integrated Learning (CLIL), andcover a broad range of topics, within three curriculum areas:The World of Science and TechnologyThe Natural WorldThe World of Arts and Social StudiesAlso available for each reader:* Activity Book* Audio CD Pack (Reader and Audio CD)* Teacher's Notes and CLIL guidance at www.oup.com/elt/readanddiscoverThe Activity Book includes 16 pages of chapter-linked activities followed by after-reading whole book activities and a book review; focus on content, vocabulary, and grammar8 a430 bLexile estimate 8 aH bRaz-Plus  aJobs & Professions vNonfiction xVocabulary Development